000 00482nam a2200145 a 4500
001 000038733
005 20201002031343.0
008 130419s1974 mx 000 0 spa d
040 _aDO-SdBNP
_bspa
_cBNPHU
100 1 _aGonzález A., Cesar A.
_965039
245 1 3 _aLa contraloría y sus funciones /
_cCesar A. González A.
260 _aMéxico :
_bContables y Administrativas ,
_c1974.
300 _a127 p. : ;
_c20 cm.
500 _aLa biblioteca posee la tercera reimpresión de 1979
999 _c38223
_d38223